Prešporskí inkvizítori

Bibliographic Details
Main Author: Chorvát, Krištof, 1872-1897 (Author)
Format: Article
Language:Slovak

MARC

LEADER 00000nab a2200000uu 4500
001 vtls011530693
003 SK-MaSNL
005 20260304222804.0
008 221107|1893 xo |||||||||||||||||slo|
015 |a SNBRB 
035 |a (urnnbn)urn:nbn:sk:snk:ar-a08zu6 
035 |a (uuid)b4b05748-0658-4727-89be-d7816a329468 
035 |a urn:nbn:sk:snk-abegsi 
040 |a SNKBUCL  |b slo  |c SNKBUCL  |e AACR2 
041 0 |a slo 
044 |a xo  |c SK 
100 1 |a Chorvát, Krištof,  |d 1872-1897  |4 aut  |9 175229 
245 1 0 |a Prešporskí inkvizítori  |c K. Chorvát 
773 0 |t Cirkevné listy : časopis venovaný záujmom cirkve evanjelickej a. v.  |g Roč. 7, č. 7 (1893), s. [105]-109 
958 |a ONDV 
958 |a article21 
999 |c 3165128  |d 3167058